Crítica constructiva /
Guardado en:
| Autor principal: | |
|---|---|
| Formato: | Desconocido |
| Lenguaje: | Spanish |
| Materias: | |
| Etiquetas: |
Agregar Etiqueta
Sin Etiquetas, Sea el primero en etiquetar este registro!
|
MARC
| LEADER | 000000000a22000000004500 | ||
|---|---|---|---|
| 001 | 002909 | ||
| 041 | 0 | |a spa | |
| 100 | 1 | |a Toledo Sande, Luis | |
| 245 | 1 | 0 | |a Crítica constructiva / |c Luis Toledo Sande. |
| 310 | |a trimestral | ||
| 650 | 4 | |a NUEVE ESCRITORES HISPANOAMERICANOS ANTE LA OPCION DE CONSTRUIR | |
| 650 | 4 | |a ELLIS, KEITH | |
| 650 | 4 | |a ENSAYOS | |
| 650 | 4 | |a CRITICAS | |
| 773 | 0 | |x 008-7157 |d La Habana, Cuba : Casa de las Américas |t Casa de las Amèricas |g número 140 (2005), páginas 156-172 | |
| 942 | |c ARC | ||
| 999 | |c 9963 |d 9963 | ||
